| 000 | 00356nam a22001337a 4500 | ||
|---|---|---|---|
| 082 |
_a491.43909 _bSAB _cL-29,P69 |
||
| 100 |
_aSabaxwari, Shukat. _939586 |
||
| 245 | _aداستان اردو زبان | ||
| 260 |
_aKarachio. : _bUrdu Acadmy. _c1920 |
||
| 300 | _a214 p. | ||
| 526 |
_a0 _b0 _c0 _d491_439090000000000_SAB |
||
| 650 |
_aMCE _9379 |
||
| 942 |
_2ddc _cBK |
||
| 999 |
_c544046 _d544046 |
||